Gender, Athletes’ Rights, and the Court of Arbitration for Sport

Detalles Bibliográficos
Autor principal: Jefferson Lenskyj, Helen
Formato: eBook
Lenguaje:inglés
Publicado: Bingley: Emerald Group Publishing Limited, 2018
Materias:
Acceso en línea:Acceso restringido

MARC

LEADER 00000nam a22000007a 4500
005 20210218000132.0
007 cr|||| ||||
008 210218s2018 ca |||||s|||| 00||0 eng d
020 |a 978-1-78754-240-2 
035 |a 31985 
040 |a vLex 
090 |c 11179  |d 11179 
100 1 |a Jefferson Lenskyj, Helen 
245 1 0 |a Gender, Athletes’ Rights, and the Court of Arbitration for Sport  |h [Recurso electrn̤ico] /  |c Helen Jefferson Lenskyj 
256 |a Servicio en ln̕ea 
260 |a Bingley:  |b Emerald Group Publishing Limited,  |c 2018 
300 |a 1 recurso electrn̤ico 
506 1 |a Disponible solo en los productos indicados  |d vLex Global  |d vLex Global (Academic Edition, excluding Law Schools)  |d vLex Global (U.S. Academic Edition, Law Schools)  |d vLex Global (U.S. Academic Edition, excluding Law Schools)  |d vLex Global (Academic Edition, Law Schools) 
650 0 4 |a Deportes  |z Canad̀ 
650 0 4 |a Derecho Constitucional  |z Canad̀ 
740 0 |a vLex Libros (Servicio en ln̕ea) 
856 4 0 |u http://vlex.com/source/31985  |z Acceso restringido 
942 |c BOOK 
999 0 |a Sports 
999 0 |a Constitutional Law